Memoria sobre el estado de la minería del distrito de Murcia / (Record no. 189301)

MARC details
000 -LEADER
campo de control de longitud fija 00751nam a2200169 i 4500
001 - NÚMERO DE CONTROL
campo de control 189301
003 - IDENTIFICADOR DE NÚMERO DE CONTROL
campo de control ES-MaACL
005 - FECHA Y HORA DE LA ÚLTIMA TRANSACCIÓN
campo de control 20250805063327.0
008 - DATOS DE LONGITUD FIJA--INFORMACIÓN GENERAL
campo de control de longitud fija 190522s1864 sp |||| | spa d
100 1# - ENTRADA PRINCIPAL--NOMBRE DE PERSONA
Nombre de persona Naranjo y Garza, Felipe,
Fechas asociadas al nombre 1809-1877
9 (RLIN) 141837
245 10 - MENCIÓN DEL TÍTULO
Título Memoria sobre el estado de la minería del distrito de Murcia /
Mención de responsabilidad, etc. por Felipe Naranjo y García.
260 ## - PUBLICACIÓN, DISTRIBUCIÓN, ETC.
Lugar de publicación, distribución, etc. [S.l. :
Nombre del editor, distribuidor, etc. s.n.,
Fecha de publicación, distribución, etc. 1864?]
300 ## - DESCRIPCIÓN FÍSICA
Extensión 26 p. :
Otras características físicas il. ;
Dimensiones 21 cm.
650 #4 - PUNTO DE ACCESO ADICIONAL DE MATERIA--TÉRMINO DE MATERIA
Término de materia o nombre geográfico como elemento de entrada Minería-
Subdivisión geográfica Murcia (Comunidad Autónoma)
9 (RLIN) 167076
852 ## - LOCALIZACIÓN
Ubicación ES-MaACL
Número de control de estantería B-8926(2)
Nota libre .- Legado de Federico de Botella y de Hornos
-- .- Encuadernado en un vol. facticio agrupado con el nombre en el lomo: España, geología, memorias y documentos varios 20 al 40
Holdings
Estatus retirado Estado de pérdida Estado de daño No para préstamo Colección Biblioteca de origen Biblioteca actual Ubicación en estantería Fecha de adquisición Fuente de adquisición Total de préstamos Signatura topográfica completa Código de barras Visto por última vez Precio de reemplazo Tipo de ítem Koha
        Libros del s. XIX Biblioteca del Ateneo de Madrid Biblioteca del Ateneo de Madrid Sala Pardo Bazán 22/05/2019     B-8926(2) 1200565 23/02/2023 23/02/2023 Libro impreso antiguo